Statystyki dla Wiedza Ogólna #7 -50 Pytań

Kliknij tutaj aby rozwiązać quiz!

Ogólne statystyki

  • Ten quiz został rozwiązany 1 494 razy
  • Średni wynik to 29 z 50

Statystyki odpowiedzi

#PytanieOdpowiedź% Poprawnych
7Którą planetę Układu Słonecznego potocznie nazywa się "Czerwoną Planetą"?Mars
98%
3Jaka istota mitologiczna znajduje się w herbie Warszawy?Syrena
95%
12Jakim terminem określa się japońskie seriale i filmy animowane?Anime
91%
36Jakiej rasy było 101 psów ze znanej animacji studia Disney?Dalmatyńczyk
91%
15Które ciastko tradycyjnie w Polsce je się w "tłusty czwartek"?Pączek
91%
18Jakim terminem określa się osobę niewierzącą, odrzucającą koncepcje istnienia boga?Ateista
90%
33Który pierwiastek chemiczny stanowi prawie 80% powietrza którym oddychamy?Azot
90%
38Za jaką grupą zwierząt nie przepada osoba cierpiąca na arachnofobięPająki
89%
4Które dzieło literackie określane jest mianem polskiej epopei narodowej?Pan Tadeusz
89%
19Jakim terminem określa się chorobliwą reakcję organizmu na działanie pewnych czynników lub substancji np. pyłki rośli, zarodniki grzybów czy składniki spożywcze?Alergia
87%
32O którym polskim królu mówi się, że "zastał Polskę drewnianą a zostawił murowaną"?Kazimierz III Wielki
84%
26Jaką nazwę nosi najgłębszy znany ludzkości rów oceaniczny?Rów Mariański
83%
40Jaką nazwę nosi przeglądarka internetowa koncernu Google?Chrome
81%
8Jak nazywa się duet znany komiksowych Gallów będący najgorszym koszmarem każdego rzymskiego legionisty?Asterix i Obelix
78%
45W którym polskim mieście znajduje się Port Północny?Gdańsk
78%
29Kto jest autorem tzw. "ogólnej teorii względności"?Albert Einstein
77%
2Jaką nazwę nosi rzeka nad którą położony jest Paryż?Sekwana
77%
23Jak nazywa się brązowa ciągliwa masa otrzymywana przez ogrzewanie sacharozy, glukozy lub cukru?Karmel
76%
21W jakiej dziedzinie ta osoba otrzymała Nagrodę Nobla?Literatura
75%
47Z którego kraju pochodził narkotykowy baron Pablo Escobar?Kolumbia
73%
20Kto w 2018 dołączył do grona polskich noblistów?Olga Nawoja Tokarczuk
72%
25Jakim terminem określa się krótki, żartobliwy wiersz?Fraszka
71%
31Jaką nazwę nosi turystyczna, reprezentatywna ulica w Zakopanem?Krupówki
68%
6Który kraj zmienił nazwę swojej stolicy z Astana na Nur Sułtan by w 2022 znowu przywrócić nazwę Astana?Kazachstan
67%
42Jaką wielkość fizyczną zmierzymy pomocy woltomierza?Napięcie elektryczne
64%
46Pod jakim alter ego zwalcza przestępczość komiksowy Bruce Wayne?Batman
63%
27Które miasto często określane jest jako "miasto trzech wielkich religii"?Jerozolima
58%
34Jakim terminem określa się terytorium państwa lub jego części ze wszystkich stron otoczone przez terytorium innego państwa?Enklawa
55%
22Jaki sport uprawiał Wojciech Fortuna, złoty medalista Igrzysk Olimpijskich w Sapporo?Skoki narciarskie
53%
43Które miasto jest stolicą Tajlandii?Bangkok
52%
1Abchazja i Osetia Południowa to regiony separatystyczne którego kraju?Gruzja
48%
24Na jakiej greckiej wyspie znajdował się olbrzymi posąg Heliosa, jeden z siedmiu cudów świata antycznego?Rodos
43%
35Jak w mitologii nordyckiej określa się de facto koniec świata w którym bogowie nordyccy stoczą ostateczną bitwę z olbrzymami?Ragnarök
38%
5Jaką nazwę nosiła zdobyta w czasie Rewolucji Francuskiej a później zburzona jako symbol ucisku twierdza?Bastylia
37%
28Jaką nazwę nosi wyspa z której pochodził Napoleon Bonaparte?Korsyka
37%
37Pod jakim pseudonimem artystycznym występuje Marshall Mathers?Eminem
36%
11W którym europejskim mieście znajduje się pomnik baśniowej "Małej Syrenki"?Kopenhaga
36%
48Jaką nazwę nosi francuskojęzyczny separatystyczny region Kanady?Quebec
35%
41Który polityk był pierwszym prezydentem Federacji Rosyjskiej?Borys Jelcyn
34%
14Który kraj zwyciężył konkurs Eurowizji w 2019 roku?Holandia
32%
13Pod jaką nazwę występuje francuski duet muzyczny, pochodzący z Paryża, tworzący muzykę elektroniczną, znany z noszenia "multimedialnych kasków"?Daft Punk
29%
16Kto według greckiej mitologii zgładził Minotaura?Tezeusz
27%
49Za ekranizację, której powieści Maria Puzo odpowiedzialny był Francis Ford Coppola?Ojciec Chrzestny
26%
9Do zjednoczenia którego kraju na Bliskim Wschodnie doszło w 1990 roku?Jemen
24%
50Frontmanem, którego zespołu hard rockowego/metalowego był John "Ozzy" Osbourne?Black Sabbath
22%
10Jaką nazwę nosi największe jezioro Europy?Ładoga
22%
39Jaką nazwę nosi azjatycki region będący obiektem sporu Indii, Pakistanu oraz Chin?Dżammu i Kaszmir
21%
44Mieszkańcy którego rosyjskiego miasta w 2013 roku byli świadkami uderzenia meteoru?Czelabińsk
12%
17Który brytyjski pisarz fantasy napisał serię powieści osadzonych na "Świecie Dysku"?Terry Pratchett
10%
30Cesarzem którego afrykańskiego kraju ogłosił się Jean-Bédel Bokassa?Republika Środkowoafrykańska
7%

Rozkład punktacji

Percentyl według liczby udzielonych odpowiedzi

Procent ludzi z każdym wynikiem

Twoja historia wyników

Nie rozwiązałeś tego quizu